000 00671nam a22001577a 4500
003 GBCCL
005 20251127123145.0
008 180703b ||||| |||| 00| 0 eng d
040 _cGBC
082 _a220.52042
_bBIB
245 _aThe Bible Containing the Old and New testament
_bRevised Standard Version :
_ctranslated from the original languages being the version set forth AD 1611, revised AD 1881-1885 and AD 1901, compared with the most ancient authorities and revised AD 1952, second edition of the New Testament AD 1971
260 _aNew York:
_bAmerican Bible Society,
_c1971.
300 _aviii + 1087p.
_c18cm
650 _aBible
_vEnglish
_912281
942 _2ddc
_cREF
999 _c6917
_d6917